History Quiz

Random History or Politics Quiz
Score 0/20 Timer 04:00
0 Plays Today
% Correct
Jimmy Carter (2002)
95.7%
Red Cross (1917|1944)
95.5%
Desmond Tutu (1984)
94.4%
European Union (2012)
93.9%
UNICEF (1965)
92.8%
OPCW (2013)
87.2%
Anwar al-Sadat (1978)
86.2%
George C.
Marshall (1953)
85.9%
Betty Williams (1976)
85.2%
Kim Dae-jung (2000)
82.1%
% Correct
Shimon Peres (1994)
81.7%
Wangari Maathai (2004)
80.5%
Lech Walesa (1983)
75.6%
Linus Pauling (1962)
75.2%
Amnesty International
(1977)
74.8%
Elie Wiesel (1986)
74.8%
Le Duc Tho (1973)
68.8%
Médecins Sans
Frontières (1999)
68.4%
Liu Xiaobo (2010)
66.6%
Emily Greene Balch
(1946)
59.7%

You're not logged in!

Compare scores with friends on all Sporcle quizzes.
OR
Log In

Sporcle TV

Today on Sporcle TV


Watch our educational content, quiz creation guides, and fun videos on Sporcle TV.

Show Comments

Extras

Top Quizzes Today


Score Distribution

Paid Content

Your Account Isn't Verified!

In order to create a playlist on Sporcle, you need to verify the email address you used during registration. Go to your Sporcle Settings to finish the process.

Report this User

Report this user for behavior that violates our Community Guidelines.

Details: